Conference notes 2003 : notes for clinicians from selected sessions presented at the 75th annual Western Veterinary Conference.

Bibliographic Details
Corporate Author: Western Veterinary Conference Las Vegas, Nev.
Format: Conference Proceeding Software eBook
Language:English
Published: [Place of publication not identified] : Veterinary Software Pub., [2003]
Subjects:

MARC

Tag First Indicator Second Indicator Subfields
LEADER 00000cam a2200000Ia 4500
001 in00004511213
005 20191204153536.0
007 co cg|||||||||
008 030613s2003 xxua sb 100 0 eng d
035 |a (OCoLC)ocm52428757 
035 |a (OCoLC)52428757 
035 |z (UtOrBLW)49528 
035 |a 70165 
040 |a CUX  |c CUX  |d OCLCQ  |d TMV  |d UtOrBLW 
049 |a TMVM  |c 1 
060 4 |a SF 605  |b W527 2003c 
090 |a SF605  |b .W47 2003 
111 2 |a Western Veterinary Conference  |n (75th :  |d 2003 :  |c Las Vegas, Nev.) 
245 1 0 |a Conference notes 2003 :  |b notes for clinicians from selected sessions presented at the 75th annual Western Veterinary Conference. 
246 3 0 |a 75th annual Western Veterinary Conference 
264 1 |a [Place of publication not identified] :  |b Veterinary Software Pub.,  |c [2003] 
264 4 |c ©2003 
300 |a 1 CD-ROM :  |b illustrations ;  |c 4 3/4 in. 
336 |a text  |2 rdacontent  |b txt 
337 |a computer  |2 rdamedia 
338 |a computer disc  |2 rdacarrier  |b cd 
538 |a System requirements: Windows: Windows 9X, Millennium, 2000 or XP; Pentium 100 or faster processor; 64 MB RAM; CD-ROM drive; Macintosh: PowerPC or better; OS 8.6 or higher; 64 MB RAM; CD-ROM drive. 
504 |a Includes bibliographical references. 
500 |a Electronic resource. 
650 0 |a Veterinary medicine  |v Congresses. 
650 2 |a Veterinary Medicine. 
655 2 |a Congresses. 
999 |a MARS 
999 f f |s ce91c677-db03-361e-aa09-290278c25bb3  |i 3bb26160-0adf-303c-a011-962a8a5ef33b  |t 0 
952 f f |p ric  |a Texas A&M University  |b Rellis Campus  |c Joint Library Facility  |d Remote Storage  |t 0  |e SF 605 W527 2003c  |h National Library of Medicine classification  |i computer -- computer disc  |k DVD  |m 323890186790D 
998 f f |a SF 605 W527 2003c  |t 0  |l Remote Storage